| 000 | 00441nam a2200181Ia 4500 | ||
|---|---|---|---|
| 001 | 44298 | ||
| 008 | 140428s9999 xx 000 0 und d | ||
| 020 | _aNA | ||
| 040 | _cPK-LaUMT | ||
| 082 |
_aRHC 297.082 _bJAL-A |
||
| 100 | _aJalal ud Din Umeri | ||
| 245 |
_aAurat aur Islam (Urdu) _cJalal ud Din Umeri |
||
| 260 |
_aLahore,Pakistan: _bBadar Publications, _c1983 |
||
| 300 | _a80 p. | ||
| 546 | _aUR | ||
| 650 | _aIslam | ||
| 942 | _cBK | ||
| 999 |
_c42291 _d42291 |
||